Normal view
MARC view
- PARADINE, C.G ,EVIETT, B.H.P
Entry Personal Name
001 - CONTROL NUMBER
- control field: 57352
003 - CONTROL NUMBER IDENTIFIER
- control field: NUST
005 - DATE AND TIME OF LATEST TRANSACTION
- control field: 20210628201915.0
008 - FIXED-LENGTH DATA ELEMENTS
- fixed length control field: 210628|| aca||aabn | a|a d
040 ## - CATALOGING SOURCE
- Original cataloging agency: NUST
- Transcribing agency: NUST
100 ## - HEADING--PERSONAL NAME
- Personal name: PARADINE, C.G ,EVIETT, B.H.P
670 ## - SOURCE DATA FOUND
- Source citation: Work cat.: (NUST): PARADINE, C.G ,EVIETT, B.H.P, STATISTICAL METHODS FOR TECHNOLOGISTS, 1960
